| 000 | 00628nam a2200205Ia 4500 | ||
|---|---|---|---|
| 003 | OSt | ||
| 005 | 20251105111056.0 | ||
| 008 | 210210b2005 xxu||||| |||| 00| 0 eng d | ||
| 040 | _cAL | ||
| 041 | _aKannada | ||
| 082 | _aK894.9 SHRM | ||
| 100 |
_aSHRIMATI (H S). _dಶ್ರೀಮತಿ (ಹೆಚ್ ಎಸ್) _9244027 |
||
| 245 |
_aMahashvetadevi. _bಮಹಾಶ್ವೇತಾದೇವಿ |
||
| 260 |
_aBengaluru _bKarnataka Sahitya Akademi _c2005 |
||
| 300 | _aviii,104 | ||
| 650 |
_aMahashvetadevi Jnanapita Prashasti Vijetaru _9244028 |
||
| 690 |
_aKannada Criticism _9244029 |
||
| 906 | _aSG04647 | ||
| 942 |
_2ddc _cBK |
||
| 999 |
_c115405 _d115405 |
||